| 000 | 00535nam a22001817a 4500 | ||
|---|---|---|---|
| 003 | OSt | ||
| 005 | 20140310182833.0 | ||
| 008 | 130604t xxu||||| |||| 00| 0 eng d | ||
| 020 | _a9781606130209 | ||
| 050 |
_aRJ 506.D68 _b.H356 2011 |
||
| 100 | _aHale, Natalie | ||
| 245 |
_aDown Syndrome parenting 101 : _bmust-have advice for making your life easier / _cHale, Natalie |
||
| 260 |
_aUnited States : _bWoodbine House Inc, _c2011. |
||
| 300 |
_axiv, 240 p. : _c23 cm. |
||
| 562 | _e1 | ||
| 942 |
_2lcc _cBK _kFOR |
||
| 999 |
_c16695 _d16695 |
||